000 00336 a2200157 4500
001 62034
020 _a9788538004578
040 _cAnchieta - Pituba
100 _aJefferies, Cindy
240 1 0 _aUma nova estrela
_lpor
245 1 0 _aUma nova estrela
300 _a122
362 0 _a2009
650 4 _aLiteratura juvenil
942 _cBK
999 _c62034
_d62034